[Event "SVK-ch U12"]
[Site "Lubovna"]
[Date "2020.08.17"]
[Round "3"]
[White "Ammer, Erik"]
[Black "Smetana, Peter"]
[Result "0-1"]
[WhiteElo "1293"]
[BlackElo "1614"]
[PlyCount "114"]
[EventDate "2020.08.15"]
[EventType "swiss"]
[EventRounds "9"]
[EventCountry "SVK"]
[SourceTitle "EXT 2021"]
[Source "ChessBase"]
[SourceDate "2020.10.23"]
[SourceVersion "1"]
[SourceVersionDate "2020.10.23"]
[SourceQuality "1"]

1. e4 c5 2. Nf3 g6 3. c3 Bg7 4. d4 cxd4 5. cxd4 d5 6. e5 Bg4 7. Nbd2 e6 8. h3 Bxf3 9. Nxf3 Ne7 10. Bb5+ Nbc6 11. 0-0 0-0 12. Nh2 Nf5 13. Bxc6 bxc6 14. Ng4 Rb8 15. a3 h5 16. Ne3 Nxe3 17. fxe3 f6 18. exf6 Rxf6 19. b4 Qd6 20. Qd3 Rxf1+ 21. Qxf1 Rf8 22. Qd3 e5 23. Bb2 e4 24. Qa6 Bh6 25. Bc1 Qc7 26. b5 Qb6 27. Qxb6 axb6 28. bxc6 Rc8 29. Rb1 Rxc6 30. Kf2 Kf7 31. Bd2 Ke6 32. Rh1 Bg5 33. g4 h4 34. Rf1 Be7 35. Ra1 b5 36. Rb1 Bxa3 37. Rxb5 Bd6 38. Rb7 Kf6 39. Rb5 Ke6 40. Rb7 Bc7 41. Be1 Bg3+ 42. Ke2 Bxe1 43. Kxe1 Rc1+ 44. Kf2 Rc2+ 45. Kf1 Rh2 46. Rb6+ Kf7 47. Rb7+ Kf6 48. Rb6+ Kg5 49. Rd6 Rxh3 50. Rxd5+ Kxg4 51. Ke2 Rh2+ 52. Kf1 Kf3 53. Ke1 Kxe3 54. Kd1 Rg2 55. Rd8 h3 56. Rh8 h2 57. Rh3+ Kxd4 0-1